000 00497nam a2200193 a 4500
001 1771681179782
003 YourLibrary
005 20260221191139.0
008 260221s2007##################000#0#eng##
020 _a9780230543041
082 0 4 _a320.947
_bKAN
100 1 _aKanet, Roger E.,
_eauthor.
245 1 0 _aRussia :
260 _bPalgrave MacMillan,
_c2007.
300 _a256 pages
650 0 _aBiography & Autobiography.
942 _cENGLISH
040 _aYourLibrary
_beng
_cYourLibrary
999 _c615399
_d615399